ბათუმის შოთა რუსთაველის სახელმწიფო უნივერსიტეტის ბიბლიოთეკა

Введение в теорию матриц (ბიბ.ჩანაწერი № 48051)

000 -LEADER
fixed length control field 00601nam a2200205Ia 4500
001 - CONTROL NUMBER
control field 14931
003 - CONTROL NUMBER IDENTIFIER
control field GE_BSU
008 - FIXED-LENGTH DATA ELEMENTS--GENERAL INFORMATION
fixed length control field 181216s||||||||xx |||||||||||||| ||und||
040 ## - CATALOGING SOURCE
Transcribing agency GE_BSU
080 ## - UNIVERSAL DECIMAL CLASSIFICATION NUMBER
Universal Decimal Classification number 512.643(075.3)
100 ## - MAIN ENTRY--PERSONAL NAME
Personal name Беллман,Р.
245 ## - TITLE STATEMENT
Title Введение в теорию матриц
245 ## - TITLE STATEMENT
Statement of responsibility, etc. Под. ред. В.Б. Лидского. Пер. с англ. В.Я. Катковича и др.
260 ## - PUBLICATION, DISTRIBUTION, ETC.
Place of publication, distribution, etc. Москва
260 ## - PUBLICATION, DISTRIBUTION, ETC.
Name of publisher, distributor, etc. Наука
260 ## - PUBLICATION, DISTRIBUTION, ETC.
Date of publication, distribution, etc. 1969
300 ## - PHYSICAL DESCRIPTION
Extent 367стр.22см.
653 ## - INDEX TERM--UNCONTROLLED
Uncontrolled term Введение в теорию матриц
942 ## - ADDED ENTRY ELEMENTS (KOHA)
Koha item type წიგნი
ეგზემპლარები
Withdrawn status Lost status Damaged status Not for loan Date acquired Barcode Date last seen Price effective from Koha item type
        2018-12-17 15018 2018-12-17 2018-12-17 წიგნი
        2018-12-17 16768 2018-12-17 2018-12-17 წიგნი
        2018-12-17 17027 2018-12-17 2018-12-17 წიგნი